000 00539nam a22001937a 4500
003 KOHA_MİRAKIL
005 20250929120442.0
008 250929b tu ||||| |||| 00| 0 tur d
020 _a9786254199097
040 _aTR-AnABB
_btur
_cTR-AnABB
041 _atur
082 _a843.912
_bDAU 2023
100 1 _aDaudet, Alphonse,
245 1 0 _aTaraskonlu tartaren /
_cAlphonse Daudet
260 _aAnkara :
_bDorlion Yayınları,
_c2023
300 _a128 sayfa ;
_c21 cm
650 0 4 _aFransız edebiyatı, roman
942 _2ddc
_cBK
999 _c8964
_d8964
900 _bGizem YORULMAZ